Uhlie v rozvojových krajinách diplomová práca

Saved in:
Bibliographic Details
Main Author: Zpěváková, Beáta
Corporate Author: Fakulta medzinárodných vzťahov EU. Katedra medzinárodných ekonomických vzťahov a hospodárskej diplomacie
Other Authors: Grešš, Martin, 1978-
Format: Book
Language:Slovak
Published: Bratislava 2009
Tags: Add Tag
No Tags, Be the first to tag this record!

MARC

LEADER 00000nam$a2200000$$$4500
001 0097255
005 20240318140955.2
041 0 |a slo 
044 |a SK 
245 1 0 |a Uhlie v rozvojových krajinách  |b diplomová práca  |c Beáta Zpěváková ; škol. Martin Grešš 
264 1 |a Bratislava  |c 2009 
300 |a 82 s. 
100 1 |a Zpěváková, Beáta 
700 1 |a Grešš, Martin, 1978- 
710 2 |a Fakulta medzinárodných vzťahov EU. Katedra medzinárodných ekonomických vzťahov a hospodárskej diplomacie